Loreto College Library, Kolkata
WEBOPAC (ONLINE PUBLIC ACCESS CATALOGUE)

Jayaprakash Narayan (Record no. 42124)

MARC details
000 -LEADER
fixed length control field 00648nam a22002297a 4500
005 - DATE AND TIME OF LATEST TRANSACTION
control field 20190704112114.0
008 - FIXED-LENGTH DATA ELEMENTS--GENERAL INFORMATION
fixed length control field 190625b xxu||||| |||| 00| 0 eng d
020 ## - ISBN | অাই এস বি এন
ISBN | অাই এস বি এন 9788178441511
PRICE Rs 995
040 ## - CATALOGING SOURCE
Language of cataloging eng
041 ## - LANGUAGE CODE
Language code English
082 ## - DDC | ডিউই
Classification number | বর্গসংখ্যা 320.954
Book Number | গ্রন্থাঙ্ক NAR-RAN
100 ## - MAIN ENTRY--PERSONAL NAME | মুখ্য সংলেখ - ব্যাক্তিনাম
Personal name | ব্যাক্তিনাম Ranjan, Ravi
245 ## - TITLE STATEMENT | অাখ্যা বিবরণী
Title | অাখ্যা Jayaprakash Narayan
Statement of responsibility | লেখকের দায়িত্বের বিবরণ Ravi Ranjan, M. K. Singh
260 ## - IMPRINT | প্রকাশনা ক্ষেত্র
Place of publication | প্রকাশ স্থান New Delhi
Name of publisher | প্রকাশকের নাম K.K. Publications
Date of publication | প্রকাশ কাল 2016
300 ## - PHYSICAL DESCRIPTION |
Page / Vol. No | পৃষ্ঠা / খন্ড সংখ্যা 350p
Other physical details | অনান্য বাহ্যিক বিবরণ 23 cm
504 ## - BIBLIOGRAPHY, ETC. NOTE
Bibliography, etc Includes bibliography
600 ## - SUBJECT ADDED ENTRY--PERSONAL NAME | বিষয় শিরোনাম - ব্যাক্তিনাম
Personal name | ব্যাক্তিনাম Narayan, Jayaprakash
Dates of Birth / Death | জন্ম / মৃত্যু সন 1902-1979
650 ## - SUBJECT ADDED ENTRY--TOPICAL TERM | বিষয় শিরোনাম - মূল বিষয়
Form subdivision | রুপগত বিভাগ Political Profile
General subdivision | সাধারণ বিভাগ Biography
Geographic subdivision | ভৌগলিক বিভাগ India
700 ## - ADDED ENTRY--PERSONAL NAME | অতিরিক্ত সংলেখ - ব্
Relator code | দায়িত্ব নির্দেশক Auth
Personal name | ব্যাক্তিনাম Singh, M. K.
850 ## - HOLDING INSTITUTION
Holding institution LCLIB
Sub Holdings PLScSemLib
942 ## - ADDED ENTRY ELEMENTS (KOHA)
Koha item type Books
Holdings
Withdrawn status Lost status Source of classification Damaged status Not for loan Home library Current library Shelving location Date acquired Price Total Checkouts Full call number Accession No. Date last seen Price effective from Koha item type SEMLIB Coded location qualifier
    Dewey Decimal Classification     Loreto College Loreto College Seminar Library 25/06/2019 995.00   320.954 NAR-RAN 53055 PLSCSemLib/1189 46126 25/06/2019 25/06/2019 Books PLScSemLib